| 000 | 00576cam a2200145 4500500 | ||
|---|---|---|---|
| 005 | 20260329011045.0 | ||
| 041 | _afre | ||
| 042 | _adc | ||
| 100 | 1 | 0 |
_aGodard de Donville, Louise _eauthor |
| 245 | 0 | 0 | _aGuido Saba, Théophile de Viau : un poète rebelle, Paris, PUF, « Écrivains », 1999. Un vol. 21,5 cm × 13,5 cm de 232 p. |
| 260 | _c2001. | ||
| 500 | _a34 | ||
| 786 | 0 | _nDix-septième siècle | 211 | 2 | 2001-06-01 | p. 329zb-370zb | 0012-4273 | |
| 856 | 4 | 1 | _uhttps://shs.cairn.info/revue-dix-septieme-siecle-2001-2-page-329zb?lang=fr&redirect-ssocas=7080 |
| 999 |
_c1858261 _d1858261 |
||